Регионална библиотека "Любен Каравелов" - Русе

Клод Дебюси (Запис номер 77619)

MARC детайли
000 -Лидер
Контролно поле с фиксирана дължина 01682nam a2200409 c 4500
003 - Код на организацията, давaща контролен номер
Контролно поле BLK
005 - Дата и час на последна редакция
Контролно поле 20230802121544.0
008 - Елементи от данни с фиксирана дължина
fixed length control field 180408b bul|||||r ||||||| ||bul||
010 ## - Наследен системен номер
LC control number KNG00082078000
020 ## - Международен стандартен номер на книга ISBN
Международен стандартен номер на книга ISBN 978-84-9819-898-0
-- издат.: Mediasat Group, S. A.
020 ## - Международен стандартен номер на книга ISBN
Международен стандартен номер на книга ISBN 978-84-9819-890-4
-- издат.: Mediasat Group, S. A. - (серия)
040 ## - Източник на каталожния запис
Идентификатор на билиотеката - собственик на записа BLK
041 ## - Код за език
Код за езика на текст/звукозапис или на отделно заглавие Български
Код за езика КДБФ Български
080 ## - УДК
Текстов определител УДК Музиканти-творци, композитори
УДК код - определител по УДК 78.071.1
УДК определител (44)(092)
УДК - код + определител 78.071.1(44)(092)
080 ## - УДК
Текстов определител УДК Френски композитор
УДК код - определител по УДК 929 Дебюси, Клод-Ашил
УДК определител
УДК - код + определител 929 Дебюси, Клод-Ашил
100 1# - Редна дума - Автор
Автор Драус, Агнешка
Авторска отговорност първи автор
R(LIN) 65313
139 ## - Редно поле
Редна дума Драус, Агнешка
Авторски знак Деб - Д 31
245 10 - Сведения за заглавието
Заглавие Клод Дебюси
Редно поле (дума) Агнешка Драус; ред. Лъчезар Каранлъков.
257 ## - Страна на издаване
Страна на създаване/издаване Франция
260 ## - Област на издателските данни
-- София
Име на издателя, разпространителя и проч. Mediasat Group, S. A.
Година на издаване 2007
Печатница отпеч. в ЕС
300 ## - Физическа характеристика
Страници 43 с.
Илюстрации и др. с цв. ил.
Размери/Мащаб 13Х14 см
Съпровождащи материали CD
380 ## - Жанр
Жанр Изкуство
490 1# - СЕРИИ (Колекции)
Име на серия Шедьоври на класиката
№: серия 8
500 ## - Общи забележки
Забележка Кн. е с CD 1644.
600 14 - Име на лице, използвано като предмет
За него / За нея Дебюси, Клод-Ашил
9 (RLIN) 278171
650 #4 - Допълнително описание по предмет – тема
Основно описание – тема или топоним Композитори, френски
9 (RLIN) 256945
651 #4 - Допълнително описание по предмет - топоним
Географско понятие Франция
9 (RLIN) 179722
653 ## - Ключова дума – ненормативна
Ключова дума композитори
653 ## - Ключова дума – ненормативна
Ключова дума Клод Дебюси
700 1# - Други автори (авторска отговорност)
Лично име Каранлъков, Лъчезар Тодоров
Дати, свързани с автора 1943-2022
Автороска отговорност (Описва отношението между автора и произведението) ред.
9 (RLIN) 76810
852 ## - Местоположение
Форматна сигнатура Цб І 32926
856 4# - Електронен адрес и достъп
Електронен формат pdf - файл
Път до файла /url/
856 4# - Електронен адрес и достъп
Електронен формат pdf - файл
Път до файла /url/
942 ## - АРТИКУЛИ
Вид на библиотечния материал Книги
Скрит в OPAC Не
Koha issues (borrowed), all copies 1
944 ## - СЪЗДАВАНЕ И РЕДАКЦИЯ на ЗАПИСА
Създаване/Редакция Създаване
Дата на регистрацията/редакция 10.03.2008
Служител, извършил регистрацията/редакцията 30556
Статус, дата на статуса Теодора Пейчева-Дянкова
944 ## - СЪЗДАВАНЕ И РЕДАКЦИЯ на ЗАПИСА
Създаване/Редакция Редакция
Дата на регистрацията/редакция 08.01.2018
Служител, извършил регистрацията/редакцията Ирена_Линкова
999 ## - СИСТЕМНИ КОНТРОЛНИ НОМЕРА
Koha biblionumber 77619
Koha biblioitemnumber 77619
Наличности
Код за отписване Код за изгубен артикул Източник на класификационната схема Код за повреда Коз за рестрикции Код за отдаване Артикулен № Име на библиотеката - собственик Име на библиотеката, в която се намира в момента Статус (Текущо местоположение) Дата на вписване в системата Местоположение - отдел Цена в лева Инвентарен номер Систематично азбучна сигнатура Баркод Номер на екземпляра Цена в евро Служебна бележка Служебен тип на артикула
  Не е изгубен Universal Decimal Classification Не е повреден без рестрикции заемане за дома 125805 Регионална библиотека "Любен Каравелов" Русе Регионална библиотека "Любен Каравелов" Русе Отдел Изкуство - подръчен фонд 2008-03-10 Отдел Изкуство - подръчен фонд 4.90 120000724226 78.071.1(092)/Д 31 120000724226 1 2.51 Дост: DA Вид: А N: 6 Дата: 10.03.2008 Дата инв: 06.04.2017 Бележки инв: ИП2017 Книги
  Не е изгубен Universal Decimal Classification Не е повреден без рестрикции заемане за дома 125806 Регионална библиотека "Любен Каравелов" Русе Регионална библиотека "Любен Каравелов" Русе Отдел Изкуство - подръчен фонд 2008-03-10 Отдел Изкуство - подръчен фонд 4.90 120000724227 78.071.1(092)/Д 31 120000724227 2 2.51 Дост: DA Вид: А N: 6 Дата: 10.03.2008 Дата инв: 18.06.2012 Бележки инв: * Книги
  Не е изгубен Universal Decimal Classification Не е повреден само за читалня ползва се в читалня 125807 Регионална библиотека "Любен Каравелов" Русе Регионална библиотека "Любен Каравелов" Русе Хранилище 2016-01-19 Основен фонд - ползва се само за читалня 4.90 120000796987 Цб І 38449 120000796987 3 2.51 Дост: DA Вид: А N: 1 Дата: 19.01.2016 Дата инв: 06.04.2017 Бележки инв: ИП2017 Книги
Vip Innovations Ltd, Rousse, Bulgaria 2025